000
00470nam a2200145Ia 4500
008
100122s9999 xx 000 0 und d
082
_b
40771
_a
823.08
100
_a
कुलकर्णी अनिल र
245
_a
ऐलतीर-पैलतीर
260
_b
विश्वमोहिनी प्रकाशन
_c
1987
300
_a
158
630
_a
ऐलतीर-पैलतीर
730
_a
ऐलतीर-पैलतीर
942
_c
BOOK
999
_c
421586
_d
421583